000 00477nam a2200181Ia 4500
003 LK-CoDNM
008 010623t1996 xxu||||| |||| 00| 1 sin d
040 _aLK-CoDNM
_dLK-CoDNM
_eLK-CoDNM
041 _asin
080 _a159.9 SAM
100 _aSamarasinghe,Sumanadasa.
245 _aමිනිස් හිතේ හාස්කම්-1
246 _aMinis Hithe Haaskam-1
260 _bAuthor
_c1996
300 _b104p., 18 cm
650 _aPsychology
942 _cBK
999 _c117836
_d117836